Statistics for Top 05 Countries whose military force is superior than British

Click here to take the quiz!

General Stats

  • This quiz has been taken 55 times
  • The average score is 5 of 5

Answer Stats

Answer% Correct
USA
100%
China
98%
Russia
98%
Germany
86%
India
84%

Score Distribution

Percentile by Number Answered

Percent of People with Each Score

Your Score History

You have not taken this quiz